愛知大学野球連盟出身の現役選手(2026) - Statistics

General Stats
  • This quiz has been taken 7 times
    5 since last reset
  • The average score is 5 of 16
Answer Stats
大学 現所属 ポジション 選手名 % Correct
愛知学院 巨人 投手 河野優作
80%
愛知学院 ロッテ 外野手 杉山諒
80%
愛知学院* 西武 内野手 源田壮亮
60%
中京 西武 外野手 秋山俊
40%
名古屋商科* 西武 外野手 茶野篤政
40%
中京 阪神 投手 伊藤稜
20%
中京 広島 投手 髙木快大
20%
中京 ヤクルト 外野手 澤井廉
20%
中京 ソフトバンク 投手 大矢琉晟
20%
中京 西武 投手 三浦大輝
20%
中部* 阪神 内野手 佐野大陽
20%
愛知工業 ヤクルト 投手 中村優斗
20%
名城 DeNA 投手 松本凌人
20%
名城* 広島 投手 栗林良吏
20%
名城 ソフトバンク 投手 岩井俊介
20%
愛知 楽天 捕手 YG安田
20%
No matching quizzes found
Score Distribution
Percent of People with Each Score
Percentile by Number Answered
Your Score History
You have not taken this quiz since the last reset